Television broadcast

Detalles Bibliográficos
Nuevo Título:Television broadcast's digitalTV
Título anterior:Television/broadcast communications
Formato: Electrónico Revista
Lenguaje:inglés
Publicado: [Overland Park, KS] : [Globecom Pub.], [1985-2001]
Materias:
Acceso en línea:Full text available from Research Library: 04/01/1998 to 01/31/2001

MARC

LEADER 00000nas a2200000 a 4500
001 ssj0000457386
003 WaSeSS
005 20200512172242.0
006 m d
007 cr n
008 860212d19852001ksumr pes 0 a0eng
010 |a  86647978  
022 |l 0898-767X  |y 0898-767X 
035 |a (WaSeSS)ssj0000457386 
037 |b P.S.N. Publications, 2 Park Ave., New York, NY 10016 
040 |a DLC  |b eng  |c DLC  |d NSD  |d IUL  |d NST  |d NYP  |d NSD  |d MUQ  |d DLC  |d BOS  |d OCLCQ  |d OCLCO  |d OCLCQ  |d OCLCF  |d OCLCO  |d OCLCQ  |d WaSeSS 
042 |a pcc  |a nsdp 
050 0 0 |a TK6540  |b .B8432 
050 1 4 |a HE8689  |b .B76M 
082 1 0 |a 621  |2 11 
210 0 |a Telev. broadcast 
222 0 |a Television broadcast 
245 0 0 |a Television broadcast  |h [electronic resource]. 
260 |a [Overland Park, KS] :  |b [Globecom Pub.],  |c [1985-2001] 
310 |a Monthly 
362 0 |a Vol. 8, no. 10 (Oct. 1985)-v. 24, issue 1 (Jan. 2001). 
500 |a Title from cover. 
500 |a Earlier title not in NYPL (03-06-01). 
506 |a License restrictions may limit access. 
650 0 |a Television broadcasting  |v Periodicals. 
650 6 |a Télévision  |v Périodiques. 
650 7 |a Television broadcasting.  |2 fast  |0 (OCoLC)fst01146714 
655 0 |a Electronic journals. 
780 0 0 |t Television/broadcast communications  |x 0746-5777  |w (DLC) 84640798  |w (OCoLC)10126980 
785 0 0 |t Television broadcast's digitalTV  |x 1534-6064  |w (DLC) 2001248107  |w (OCoLC)46436930 
850 |a CU-A  |a DLC  |a InU  |a MoU  |a NN 
856 4 0 |z Full text available from Research Library: 04/01/1998 to 01/31/2001  |u https://search.proquest.com/publication/27955